| 000 | 00762nam a2200229 i 4500 | ||
|---|---|---|---|
| 001 | 99511 | ||
| 003 | ES-MaACL | ||
| 005 | 20250824201731.0 | ||
| 007 | t| | ||
| 008 | 050912s1986 sp ||||1| spa d | ||
| 020 | _a84-86168-14-7 | ||
| 100 | 1 |
_aMartínez, José Luis. _977766 |
|
| 245 | 1 | 3 |
_aEl libro en Hispanoamérica _b: origen y desarrollo / _cJosé Luis Martínez. |
| 250 | _a2ª ed. | ||
| 260 |
_aSalamanca : _bFundación Germán Sánchez Ruipérez, _c1986. |
||
| 300 |
_a99 p. : _bil. ; _c21 cm. |
||
| 490 | 1 | _aBiblioteca del libro. Serie "Minor" | |
| 710 | 0 | 0 |
_aFundación Germán Sánchez Ruipérez. _94313 |
| 830 | 0 | 0 |
_aBiblioteca del libro. _pSerie minor _9225216 |
| 852 |
_aES-MaACL _jL-10663 _bR.111776 |
||
| 999 |
_c99511 _d99511 |
||